| 000 | 00800nam a2200241 a 4500 | ||
|---|---|---|---|
| 001 | 000019016 | ||
| 005 | 20200929165913.0 | ||
| 008 | 100521s1994 sp a 000 f spa d | ||
| 020 | _a8437607949 | ||
| 040 |
_aDO-SdBNP _bspa _cBNPHU |
||
| 100 | 1 |
_aCela, Camilo José, _d1916-2002. _93188 |
|
| 245 | 1 | 3 |
_aLa colmena / _cCamilo José Cela ; edición de Jorge Urrutia. |
| 250 | _a7a ed. | ||
| 260 |
_aMadrid : _bCátedra, _c1994. |
||
| 300 |
_a385, [6] p. : _bil. ; _c18 cm. |
||
| 490 | 1 |
_aLetras hispánicas _v300 |
|
| 504 | _aIncluye referencias bibliográficas y notas al pie de las páginas. | ||
| 650 | 4 |
_aNovela española _91123 |
|
| 650 | 4 |
_aLiteratura española _ySIGLO XX _93326 |
|
| 700 | 1 |
_aUrrutia, Jorge, _eed. _915594 |
|
| 830 | 0 |
_aLetras hispánicas ; _v300 _94208 |
|
| 910 | _aEn proceso | ||
| 999 |
_c18534 _d18534 |
||